000
00297nam a22001337a 4500
008
181221b xxu||||| |||| 00| 0 eng d
020
_a
0060440740
041
_a
eng
080
_a
330
100
_a
54
101
_a
ECO
245
_a
hUMAN rESOURCE aND Markets
_c
Levitan.S.A
942
_2
udc
_c
BK
999
_c
53613
_d
53613